000 00591nam a22001817a 4500
003 UA-OsUOA
001 17288
007 ta
008 20040220b un ||||| |||| 00| 0 ukr d
100 _aКохан В.
942 _cSA
040 _aUA-OsUOA
_cUA-OsUOA
_dUA-OsUOA
245 _aНове обличчя центру зайнятості: [Реконструйовано Рівнен. район. центр зайнятості]
300 _aС.3
955 _a0
773 0 _w0
_tВісті Рівненщини
_dРівне
_d2004
_g№15/13 лют./
650 7 _aЗайнятість
_2UDC
999 _c303456
_d303456